000 00379pab a2200157 454500
008 180718b2017 xxu||||| |||| 00| 0 eng d
100 _aBiswas, K.B.
245 _aGroundwater assessment and development
260 _c2017
300 _ap.39-62.
362 _aJul
650 _aGroundwater
700 _aGupta, Sushil
773 _aJournal of Governance
909 _a115783
999 _c115777
_d115777